Fußballvereine durch einen Hinweis erraten 2 - Statistiken

Allgemein
  • Dieses Quiz wurde 984 mal gespielt
  • Das Durchschnittsergebnis liegt bei 9 aus 15
Antwortstatistiken
Hinweis Verein % Korrekt
Cristiano Ronaldo machte bei diesem Verein sein Profi-Debut Sporting Lissabon
91%
Die "Kiezkicker" FC St.Pauli
81%
Im Wappen sind zwei gekreuzte Hämmer zu sehen West Ham United
78%
Sturm-Duo Dzeko und Grafite schossen diesen Verein 2009 zur Deutschen Meisterschaft VfL Wolfsburg
77%
Trägt seine Heimspiele auf dem Betzenberg aus 1. FC Kaiserslautern
75%
Trikot-Merkmal ist der "Brustring" VfB Stuttgart
62%
Rekord-Sieger der Frauen Champions-League Olympique Lyon
61%
Größter Rivale von Hannover 96 Eintracht Braunschweig
60%
Silvio Berlusconi war einst Präsident dieses Vereins AC Mailand
56%
Dieser Verein verlor im Champions League Finale 2001/02 mit 2:1 gegen Real Madrid Bayer 04 Leverkusen
51%
Bekannt als "The Magpies" und "The Toon" Newcastle United
45%
DFB-Pokalsieger der Saison 2006/07 1.FC Nürnberg
42%
Champions League (Europapokal der Landesmeister) Sieger aus dem ehemaligen Jugoslawien FK Roter Stern Belgrad
36%
Der Gegner von AS Rom, im UEFA Europa Conference League Finale 2021/22 Feyenoord Rotterdam
31%
Bei diesem Verein beendete Thierry Henry seine Karriere New York Red Bulls
28%
Keine übereinstimmenden Quizze gefunden
Verteilung der Resultate
Anzahl Personen mit jedem Resultat
Perzentil nach korrekt beantworteten Fragen
Ihre Resultats-Entwicklung
Sie haben dieses Quiz noch nicht gespielt